Normal view
MARC view
Entry Topical Term
001 - CONTROL NUMBER
- control field: 18786
003 - CONTROL NUMBER IDENTIFIER
- control field: ARRUPE
005 - DATE AND TIME OF LATEST TRANSACTION
- control field: 20150826113930.0
008 - FIXED-LENGTH DATA ELEMENTS
- fixed length control field: 150826|| aca||aabn | a|a d
040 ## - CATALOGING SOURCE
- Original cataloging agency: ARRUPE
- Transcribing agency: ARRUPE
150 ## - HEADING--TOPICAL TERM
- Topical term or geographic name as entry element: German literature
- Chronological subdivision: 18th century
- General subdivision: History and criticism.
670 ## - SOURCE DATA FOUND
- Source citation: Work cat.: (ARRUPE)0: Herder, Johann Gottfried, 1744-1803. 18769, Johann Gottfried Herder :, c1992.